Kết hợp phương pháp thuyết trình với phương pháp đàm thoại trong dạy học phần công dân với việc hình thành thế giới quan, phương pháp luận khoa học môn Giáo dục công dân lớp 10 Luận văn thạc Khoa học giáo dục . Chuyên ngành: LL và PPDH bộ môn Giáo dục chính trị. Mã số: 60 14 10

Sparad:
Bibliografiska uppgifter
Huvudupphovsman: Nguyễn, Thế Diễn
Övriga upphovsmän: Trần Viết Quang (Hướng dẫn)
Materialtyp: Lärdomsprov Materialpaket Bok
Publicerad: Đồng Tháp Đại học Vinh 2012
Ämnen:
Taggar: Lägg till en tagg
Inga taggar, Lägg till första taggen!
Thư viện lưu trữ: Trung tâm Học liệu Lê Vũ Hùng, Trường Đại học Đồng Tháp
LEADER 01373ppm a22003018a 4500
001 00036541
005 20171026081025.0
008 170309s2012 ||||||Viesd
041 0 # |a Vie 
082 1 4 |a 320.407 1  |b K258H 
100 1 # |a Nguyễn, Thế Diễn 
245 0 0 |a Kết hợp phương pháp thuyết trình với phương pháp đàm thoại trong dạy học phần công dân với việc hình thành thế giới quan, phương pháp luận khoa học môn Giáo dục công dân lớp 10  |b Luận văn thạc Khoa học giáo dục . Chuyên ngành: LL và PPDH bộ môn Giáo dục chính trị. Mã số: 60 14 10  |c Nguyễn Thế Diễn; Trần Viết Quang (hướng dẫn) 
260 # # |b Đại học Vinh  |c 2012  |a Đồng Tháp 
300 # # |a 107tr.  |c 30cm. 
500 # # |a ĐTTTS ghi: Bộ giáo dục và đào tạo. Đại học Vinh 
653 # # |a Giáo dục công dân 
653 # # |a Luận văn 
653 # # |a Đàm thoại 
653 # # |a THPT 
653 # # |a Phương pháp 
700 1 # |e Hướng dẫn  |a Trần Viết Quang 
852 # # |j LV.0001164 
852 # # |b Kho đọc SĐH  |j LV.0001164 
910 |d 09/03/2017 
980 # # |a Trung tâm Học liệu Lê Vũ Hùng, Trường Đại học Đồng Tháp